Equal opportunities? <the> labour market integration of the children of immigrants

Na minha lista:
Detalhes bibliográficos
Formato: Livro
Idioma:inglês
Publicado em: Paris OECD 2010
Assuntos:
Tags: Adicionar Tag
Sem tags, seja o primeiro a adicionar uma tag!

MARC

LEADER 00000nam a2200000 4500
001 0125390
005 20221108071222.5
020 |a 978-92-64-08239-7 
041 0 |a eng 
044 |a FR 
245 1 0 |a Equal opportunities?  |b <the> labour market integration of the children of immigrants 
264 1 |a Paris  |b OECD  |c 2010 
300 |a 256 s. 
610 2 0 |a trh práce 
610 2 0 |a politika zamestnanosti 
610 2 0 |a vzdelávanie 
610 2 0 |a migrácia 
610 2 0 |a imigrácia 
610 2 0 |a pohyb síl pracovných 
610 2 0 |a pohyb síl pracovných medzinárodný 
610 2 0 |a práca v zahraničí 
610 2 0 |a pracovníci zahraniční 
610 2 0 |a Európska únia 
610 2 0 |a Kanada 
610 2 0 |a USA